Diary of a mad housewife /

Despairing of her miserable family life, a housewife has an affair with a writer, only to find him to be more selfish and egotistical than her husband.

Bibliographic Details
Corporate Authors: Universal Pictures Corporation, GoodTimes Home Video (Firm)
Other Authors: Snodgress, Carrie, Benjamin, Richard, 1938-, Langella, Frank, Kaufman, Sue, Perry, Frank, 1930-1995
Format: Video VHS
Language:English
Published: New York, NY : Goodtimes Home Video Corp., [1987]
Subjects:

MARC

Tag First Indicator Second Indicator Subfields
LEADER 00000cgm a2200000 a 4500
001 in00000033079
005 20151007055118.0
007 vf cbaho|
008 880418p19871970nyu100|g||||| 0vleng d
020 |c $9.99 
035 |a (OCoLC)17801945 
035 |9 AAB7291AM 
040 |a OMN  |c OMN  |d TXA  |d UtOrBLW 
049 |a TXAV  |c [A10160396] 
050 4 |a PN1997  |b .D52 1987 
082 0 4 |a 791.4372  |b D539 
245 0 0 |a Diary of a mad housewife /  |c Universal ; directed and produced by Frank Perry. 
264 1 |a New York, NY :  |b Goodtimes Home Video Corp.,  |c [1987] 
300 |a 1 videocassette (100 min.) :  |b sound, color ;  |c 1/2 in. 
336 |a two-dimensional moving image  |b tdi  |2 rdacontent 
337 |a video  |b v  |2 rdamedia 
338 |a videocassette  |b vf  |2 rdacarrier 
538 |a VHS. 
511 1 |a Carrie Snodgress, Richard Benjamin, Frank Langella, Lorraine Cullen. 
508 |a Screenplay, Eleanor Perry. 
586 |a National Board of Review Awards '70: 10 Best Films of the Year, Best Supporting Actor (Langella). 
500 |a Videocassette release of a 1970 motion picture. 
500 |a Based on the novel by Sue Kaufman. 
520 |a Despairing of her miserable family life, a housewife has an affair with a writer, only to find him to be more selfish and egotistical than her husband. 
500 |a "4108". 
500 |a Videorecording. 
650 0 |a Feature films. 
700 1 |a Snodgress, Carrie. 
700 1 |a Benjamin, Richard,  |d 1938- 
700 1 |a Langella, Frank. 
700 1 |a Kaufman, Sue.  |t Diary of a mad housewife. 
700 1 |a Perry, Frank,  |d 1930-1995. 
710 2 |a Universal Pictures Corporation. 
710 2 |a GoodTimes Home Video (Firm) 
999 |a MARS 
999 f f |s 547951c5-d6ce-3197-b175-c39cae8c85b7  |i ec6a3878-3c65-3f20-85c8-1b970c68a81e  |t 0 
952 f f |p ric  |a Texas A&M University  |b Rellis Campus  |c Joint Library Facility  |d Remote Storage  |t 0  |e PN1997 .D52 1987  |h Library of Congress classification  |i video -- videocassette  |m A14826978804 
998 f f |a PN1997 .D52 1987  |t 0  |l Remote Storage